00265nam a2200121Ia 4500100002700000366000700027654001400034245002600048260003400074082001500108300000800123546001200131 aBhattacharyya/Basudeb  f20 amechanics aEngineering Mechanics bOxford Higher Educationc2008 a620.1bBHA a832 aENGLISH